Francouzská republika /

Hlavní autor: Petrů, Pavel, publicista
Jazyk: Čeština
Vydáno: Praha : Svoboda, 1982
Vydání: 1. vyd.
Edice: Zeměmi světa (Svoboda)
Témata:
Fyzický popis: 209 s.
Knihy
Uloženo v:
LEADER 01004nam a22003132a 4500
001 000217110
003 CZ BrMZK
005 20250214103058.0
007 ta
008 010907s1982 xr f 000 0 cze d
015 |a cnb000001992 
035 |a (OCoLC)85544496 
040 |a BOA001  |b cze 
100 1 |a Petrů, Pavel,  |c publicista  |4 aut 
245 1 0 |a Francouzská republika /  |c Pavel Petrů 
246 1 4 |a Francie 
250 |a 1. vyd. 
260 |a Praha :  |b Svoboda,  |c 1982 
300 |a 209 s. 
490 1 |a Zeměmi světa 
500 |a V tiráži vročení 1983 
504 |a Obsahuje bibliografii 
830 0 |a Zeměmi světa (Svoboda)  |0 s 
910 |a BOA001  |b PK-0095.700  |b 1-0861.944 
920 |a 000325191 
964 |a Francie - přehledy hospodářsko-politicko-kulturní 
990 |a BK 
996 6 |b 2619832777  |c 1-0861.944  |l MZK  |r Sklad / do 1 hodiny  |n 5  |w 000217110  |u 000020  |a 1  |e BOA001  |j MZK50  |s P 
996 7 |b 3119905270  |c PK-0095.700  |l MZK  |r Sklad / do 1 hodiny  |n 8  |w 000217110  |u 000010  |a 1  |e BOA001  |j MZK50  |s A